Vista completa de documento

FMT BK
LDR 00527nam  2200157ui 4500
001 000136059
008 980616s1983    xxu      c    001 0 eng  
020 |a 0810305380
098 |a Z11 |e Bibliotecas, hemerotecas y centros de documentación
24500 |a Periodical title abbreviations / |c compiled and edited by Leland G. Alkire, Jr.
250 |a 4th ed.
260 |a Detroit : |b Gale Research, |c 1983
300 |a 1 v.
500 |a Vol. 1: by abbreviation. - 1137 p.
7001 |a Alkire, Leland G.
035 |a (OCoLC)1337649590 |z OCOLC1337649590
TYP |a Libro
SYS 000136059

2013 Banco de España, Madrid, España. Reservados todos los derechos
Basado en Ex Libris (© 2009 Ex Libris)

Contacto